000 00362nam a2200145Ia 4500
005 20251222175926.0
008 251222s9999||||xx |||||||||||||| ||spa||
020 _a9786071513748
082 _a658.404/B12/2016
100 _aBaca Urbina, Gabriel
245 0 _aEvaluación de Proyectos
250 _a8va. ed.
264 _bMc GrawHill Educación
942 _cLIB
999 _c40840
_d40840